Sweden : Report on the Observance of Standards and Codes-Fiscal Transparency and Data Modules-A Note on Recent Developments.

This technical note focuses on recent developments to the Report on the Observance of Standards and Codes (ROSC) on Fiscal Transparency and Data Modules for Sweden. The authorities are implementing recommendations of the fiscal ROSC module. The government has decided to reform the state audit organi...

Szczegółowa specyfikacja

Opis bibliograficzny
Korporacja: International Monetary Fund
Format: Czasopismo
Język:English
Wydane: Washington, D.C. : International Monetary Fund, 2002.
Seria:IMF Staff Country Reports; Country Report ; No. 2002/162
Dostęp online:Full text available on IMF
LEADER 01695cas a2200241 a 4500
001 AALejournalIMF008292
008 230101c9999 xx r poo 0 0eng d
020 |c 5.00 USD 
020 |z 9781451835991 
022 |a 1934-7685 
040 |a BD-DhAAL  |c BD-DhAAL 
110 2 |a International Monetary Fund. 
245 1 0 |a Sweden :   |b Report on the Observance of Standards and Codes-Fiscal Transparency and Data Modules-A Note on Recent Developments. 
264 1 |a Washington, D.C. :  |b International Monetary Fund,  |c 2002. 
300 |a 1 online resource (2 pages) 
490 1 |a IMF Staff Country Reports 
500 |a <strong>Off-Campus Access:</strong> No User ID or Password Required 
500 |a <strong>On-Campus Access:</strong> No User ID or Password Required 
506 |a Electronic access restricted to authorized BRAC University faculty, staff and students 
520 3 |a This technical note focuses on recent developments to the Report on the Observance of Standards and Codes (ROSC) on Fiscal Transparency and Data Modules for Sweden. The authorities are implementing recommendations of the fiscal ROSC module. The government has decided to reform the state audit organization (RRV) as recommended by the report. Effective 2003, the RRV will be transformed from a government agency to an audit office under parliament, staffed by independent officials. The authorities are also following up on recommendations regarding data-related standards and codes. 
538 |a Mode of access: Internet 
830 0 |a IMF Staff Country Reports; Country Report ;  |v No. 2002/162 
856 4 0 |z Full text available on IMF  |u http://elibrary.imf.org/view/journals/002/2002/162/002.2002.issue-162-en.xml  |z IMF e-Library